Multiple-Choice-Stadtquiz Cottbus - Statistiken

Allgemein
  • Dieses Quiz wurde 28 mal gespielt
  • Das Durchschnittsergebnis liegt bei 7 aus 10
Antwortstatistiken
Frage Antwort % Korrekt
Wie heißt der bekannteste Sportverein der Stadt? Energie Cottbus
100%
In welcher Region liegt Cottbus? Lausitz
100%
Welche Universität befindet sich in Cottbus? Brandenburgische Technische Universität
84%
Cottbus gilt als kulturelles Zentrum welcher Volksgruppe? Sorben
84%
Was ist der Cottbuser Ostsee? Ein Tagebaurestsee
76%
Welcher Fürst residierte auf Schloss Branitz? Hermann von Pückler-Muskau
72%
Welcher Fluss fließt durch Cottbus? Spree
68%
Welches Tier ist auf dem Stadtwappen zu sehen? Krebs
64%
Welcher Wirtschaftszweig war während der Industrialisierung besonders Wichtig für Cottbus? Textilindustrie
44%
In welchem Jahr wurde das Staatstheater eröffnet? 1908
32%
Keine übereinstimmenden Quizze gefunden
Verteilung der Resultate
Anzahl Personen mit jedem Resultat
Perzentil nach korrekt beantworteten Fragen
Ihre Resultats-Entwicklung
Sie haben dieses Quiz noch nicht gespielt